Environmental calculations : a multimedia approach /
Saved in:
| Main Author: | |
|---|---|
| Format: | Book |
| Language: | English |
| Published: |
Hoboken, N.J.
Wiley
2009.
|
| Subjects: | |
| Online Access: | View in OPAC |
| Tags: |
No Tags, Be the first to tag this record!
|
MARC
| LEADER | 00000cam a2200000 a 4500 | ||
|---|---|---|---|
| 005 | 20260127134008.0 | ||
| 008 | 180731s2009 njua b 001 0 eng | ||
| 010 | |a 2009-009712 | ||
| 020 | |a 9780470139851 |q (cloth) | ||
| 020 | |a 0470139854 |q (cloth) | ||
| 035 | |a vtls010113542 | ||
| 039 | 9 | |a 201807311127 |b VLOAD |y 201007091027 |z mschk03 | |
| 040 | |a DLC |c DLC |d BTCTA |d C#P |d YDXCP |d BWX |d DLC |d STUSCHK1 | ||
| 082 | 0 | 0 | |a 628.5 |2 22 |
| 100 | 1 | |a Kunz, Robert G. | |
| 245 | 1 | 0 | |a Environmental calculations : |b a multimedia approach / |c Robert G. Kunz. |
| 260 | |a Hoboken, N.J. |b Wiley |c 2009. | ||
| 300 | |a xxiii, 703 p. |b ill. |c 25 cm. | ||
| 504 | |a Includes bibliographical references and index. | ||
| 505 | 0 | |a Introduction -- Basic concepts -- Air combustion -- Air control devices -- Water/wastewater composition -- Water/wastewater hydraulics -- Water/wastewater draining of tanks -- Solid waste -- Noise -- Radioactive decay. | |
| 650 | 0 | |a Sanitary engineering |x Equipment and supplies |v Problems, exercises, etc. | |
| 650 | 0 | |a Pollution control equipment |v Problems, exercises, etc. | |
| 650 | 0 | |a Environmental sciences |x Mathematics. | |
| 650 | 0 | |a Engineering mathematics |v Formulae. | |
| 906 | |a 7 |b cbc |c orignew |d 1 |e ecip |f 20 |g y-gencatlg | ||
| 910 | |a SCHK95 | ||
| 919 | |a 978-0-470-13985-1 | ||
| 925 | 0 | |a acquire |b 2 shelf copies |x policy default | |
| 955 | |e xh06 2009-03-16 to Dewey |f xh14 2010-01-14 Z-CipVer | ||
| 999 | |c 1742 |d 1742 | ||